000 00224nam a2200085Ia 4500
008 180219s9999 xx 000 0 und d
100 _aBansal Suraksha
245 0 _aEssentials Of English Teaching
260 _aVinay Rakheja R. Lall Meerut
260 _c2014
999 _c42210
_d42210